000 00553nam a22001817a 4500
999 _c15195
_d15195
003 AR-CdUCM
008 190426b ||||| |||| 00| 0 spa d
040 _aMUNICIPALIDAD PROVINCIAL DEL CUSCO
_cBIBLIOTECA MUNICIPAL DEL CUSCO
082 _aC / 375.492 /
_bCH43
100 _aChevarria H, Mario Fernando
_934223
245 _aTeatro y poesía para las fiestas escolares /
260 _aCuzco :
_bOrientación,
_c1965.
300 _a202 páginas ;
_c21 cm.
650 _aPoesía.
_9139
650 _aTeatro.
_9173
942 _2ddc
_cLIBROS
945 _awfj